| 000 | 00409nam a2200157Ia 4500 | ||
|---|---|---|---|
| 008 | 230524s9999 xx 000 0 und d | ||
| 082 | _bICSI | ||
| 100 |
_aThe Institute of Company Secretaries of India _942687 |
||
| 245 | 0 | _aBanking and Insurance Law and Practice | |
| 250 | _a1 | ||
| 260 |
_aNew Delhi _bTaxman |
||
| 300 | _a595p: | ||
| 500 | _aQuantity Number: 1 | ||
| 650 | _aManagement | ||
| 942 | _cBK | ||
| 999 |
_c57678 _d57678 |
||